Políticos españoles #4 - Estadísticas

Estadísticas generales
  • Esta prueba ha sido intentada 118 veces
  • La puntuación promedio es 14 de 22
Estadísticas de respuestas
Imagen Respuesta % Correcto
Yolanda Díaz
99%
María Jesús Montero
94%
Óscar Puente
94%
Fernando Grande-Marlaska
93%
Margarita Robles
90%
Félix Bolaños
81%
Pilar Alegría
78%
José Manuel Albares
77%
Teresa Ribera
77%
Mónica García
73%
Ernest Urtasun
67%
Carlos Cuerpo
55%
Sira Rego
54%
José Luis Escrivá
53%
Ángel Víctor Torres
51%
Luis Planas
51%
Diana Morant
48%
Isabel Rodríguez
47%
Pablo Bustinduy
46%
Elma Saiz
41%
Ana Redondo
40%
Jordi Hereu
38%
No se encontraron pruebas coincidentes
Distribución de puntuación
Porcentaje de gente con cada puntuación
Porcentaje por número respondido
Historial de tus puntuaciones
No has intentado esta prueba.